Drogadicción /
El abuso de drogas en la voz de sus protagonistas. Los jóvenes Mariana Carrizo y Guido Spangerberg, exconsumidores de cocaína y éxtasis, relatan sus experiencias con la droga. La aguda mirada de profesionales especializados amplía y profundiza el tema.
Guardado en:
| Autor Corporativo: | |
|---|---|
| Otros Autores: | |
| Formato: | |
| Publicado: |
Argentina,
2008.
|
| Series: | Mejor Hablar de Ciertas Cosas
|
| Materias: | |
| Acceso en línea: | https://www.educ.ar/recursos/100877/drogodependencia |
| Etiquetas: |
Agregar Etiqueta
Sin Etiquetas, Sea el primero en etiquetar este registro!
|
| LEADER | 01474ngm a22003375g 4500 | ||
|---|---|---|---|
| 001 | CEM.cems023024 | ||
| 008 | 130507s2008##################0###0#####d | ||
| 005 | 20241204162009.0 | ||
| 245 | 1 | 0 | |a Drogadicción / |c Canal Encuentro. |
| 260 | |a Argentina, |c 2008. | ||
| 300 | |a 46'. | ||
| 490 | 0 | |a Mejor Hablar de Ciertas Cosas | |
| 500 | |a Consultar en ventanilla. | ||
| 505 | 0 | |a El uso y abuso de drogas como flagelo frecuente en la adolescencia sus causas sociales y consecuencias. Modos de prevención y tratamiento. La opinión de las victimas y de los especialistas en la materia. | |
| 590 | |a Identificación SIABUC: DVD Nº 39 | ||
| 538 | |a Soporte: DVD - Color: Si - Grabación DRD 2012 | ||
| 520 | |a El abuso de drogas en la voz de sus protagonistas. Los jóvenes Mariana Carrizo y Guido Spangerberg, exconsumidores de cocaína y éxtasis, relatan sus experiencias con la droga. La aguda mirada de profesionales especializados amplía y profundiza el tema. | ||
| 110 | 2 | |a Canal Encuentro. | |
| 700 | 1 | |a Pauls, Gastón; Conducción. | |
| 082 | 3 | 6 | |/ PAU-1 |
| 082 | 3 | 6 | |/ ENC-1 |
| 653 | |a DROGADICCION | ||
| 653 | |a DROGODEPENDENCIA | ||
| 653 | |a ADICCIONES | ||
| 653 | |a DROGAS | ||
| 653 | |a ESTUPEFACIENTES | ||
| 653 | |a MEJOR HABLAR DE CIERTAS COSAS | ||
| 653 | |a NIVEL PRIMARIO | ||
| 653 | |a NIVEL SECUNDARIO | ||
| 856 | |u https://www.educ.ar/recursos/100877/drogodependencia | ||
| 859 | |a CEMS |b BIB. CEMS - Depto. Recursos Didacticos |h 360 |i PAU-1 |k DRD |p 1667.12 |t Ej.1 | ||
